Spell the Marvel Character #407 - Statistics

General Stats
  • This quiz has been taken 11 times
  • The average score is 8 of 9
Answer Stats
Picture Answer % Correct
Arana
100%
Iceman
100%
Thor (Jane Foster)
100%
Fantomex
82%
Rogue
82%
Stinger
82%
Energizer
73%
Firestar
73%
Rom the Spaceknight
73%
No matching quizzes found
Score Distribution
Percent of People with Each Score
Percentile by Number Answered
Your Score History
You have not taken this quiz